00940nam a2200205Ia 450000500170000000800410001702000180005805000230007610000360009924500810013525000170021626000340023330000540026750000480032150400330036950502220040265000410062465000270066565000420069220231102151811.0120630s2013 mx a 000 0 spa d a9786071714992 aHD30.28bM85 2013  aMünch Galindo, Lourdeseautor00aPlaneación estratégicab : el rumbo hacia el éxitoc / Lourdes Münch a3a edición aMéxico b : Trillasc, 2013 a142 páginasb : ilustracionese+ 1 CD-ROM 5 1/4 aIncluye: índice analítico (pp. 141-144) aBibliografía (pp. 139-140)1 aPlaneación El proceso de planeación estratégica Técnicas de planeación Enfoques de la planeación estratégica Caos prácticos. Guía de acción para el desarrollo de competencias Ejercicios de refuerzo14aPLANEACIÓN ESTRATÉGICAvMANUALES24aPLANEACION EMPRESARIAL10aPLANEACIÓN ESTRATÉGICA vMANUALES